Guess the country by emojis - Statistics

General Stats
  • This quiz has been taken 85 times
  • The average score is 13 of 20
Answer Stats
Hint Answer % Correct
๐Ÿป๐Ÿ’๐Ÿ Canada
97%
๐Ÿฆ˜๐Ÿ๏ธ๐Ÿ•ท๏ธ Australia
93%
๐Ÿ’‚๐Ÿฅ“๐ŸŽ๏ธ United Kingdom
91%
๐Ÿ—ฝ๐Ÿฆ…๐Ÿ’ฐ USA
91%
๐Ÿฅ๐ŸŽจ๐Ÿšตโ€โ™€๏ธ France
89%
๐Ÿฃ๐Ÿ’ด๐Ÿฅข Japan
87%
๐Ÿš๐Ÿธ๐Ÿฒ China
86%
๐Ÿฅจ๐Ÿบ๐Ÿบ Germany
86%
๐ŸŒฎ๐Ÿ–๐ŸŽธ Mexico
83%
๐Ÿธ๐Ÿ–๏ธ๐Ÿ›๏ธ Greece
70%
๐Ÿง‡๐ŸŸ๐Ÿ’ถ Belgium
63%
โ„๏ธ๐ŸŽ…๐ŸฅŸ Finland
61%
๐Ÿ’ƒโ›ช๏ธโšฝ๏ธ Brazil
60%
๐ŸฆŸ๐Ÿง๐Ÿˆ South Africa
53%
๐Ÿ‚๐Ÿ”๏ธ๐Ÿ’ถ Austria
49%
๐ŸŒ‹๐Ÿ—ฟ๐Ÿ—ป Chile
49%
๐Ÿง€๐Ÿฆ๐Ÿšœ Netherlands
34%
๐Ÿฆฉ๐Ÿ๏ธโšพ๏ธ Cuba
33%
๐Ÿฆง๐ŸŽ‹๐ŸŒŠ Indonesia
33%
๐Ÿคฟ๐Ÿท๐Ÿฅฅ Bahamas
29%
No matching quizzes found
Score Distribution
Percent of People with Each Score
Percentile by Number Answered
Your Score History
You have not taken this quiz